| 000 | 00919nam a2200217Ii 4500 | ||
|---|---|---|---|
| 003 | JO-AjNU | ||
| 008 | 230605s9999||||xx |||||||||||||| ||und|| | ||
| 017 | _a2011/1/422 | ||
| 040 |
_aJO-AjNU _bara _erda _cJO-AjNU |
||
| 041 | _aara | ||
| 050 | 1 | 4 | _aQA445.S535 2011 |
| 100 | 3 |
_aشاكر، محمود, _eauthor _945913 |
|
| 245 | 0 | 0 | _aنظريات وقوانين جديدة في المثلث - الدائرة - القطع المكافئ بالمعادلات والرسم البياني والتفاضل مع مشاركة عربية في يوم العالمي |
| 250 | _aط1 | ||
| 264 | 3 | 1 | _aعمان: المؤلف، 2011 |
| 300 |
_a180ص _bفي الكتاب نظرية شاكر في نسب الاجزاء ...= 1،يشتمل على ايضاحات |
||
| 336 |
_atext _btxt _2rdacontent |
||
| 337 |
_aunmediated _bn _2rdamedia |
||
| 338 |
_avolume _bnc _2rdacarrier |
||
| 650 | 4 |
_aالتحليل الرياضي _945914 |
|
| 999 |
_aA19936 _c23504 _d23504 |
||